[Event "London Classic Open 2017"]
[Site "London ENG"]
[Date "2017.12.03"]
[Round "3.90"]
[White "Rysbayeva, Aigerim"]
[Black "Gu, In Jung"]
[Result "0-1"]
[WhiteTitle "WFM"]
[WhiteElo "2118"]
[BlackElo "1664"]
[WhiteFideId "13704567"]
[BlackFideId "13200232"]
[EventDate "2017.12.02"]

1. e4 c5 2. Nf3 d6 3. d4 cxd4 4. Nxd4 Nf6 5. Nc3 a6 6. Be3 e6 7. a4 Be7 8. a5
Nbd7 9. Be2 O-O 10. O-O Qc7 11. f4 b5 12. axb6 Nxb6 13. Nf3 Bb7 14. Qd4 Nbd7 15.
Kh1 Ng4 16. Ng5 Bf6 17. Qd2 Nxe3 18. Qxe3 Bxc3 19. bxc3 h6 20. Nf3 Nf6 21. Bd3
a5 22. h3 Ba6 23. Qd4 Nh5 24. Kg1 Nxf4 25. c4 e5 26. Qc3 Bc8 27. Qa3 Be6 28.
Rfd1 Qb6+ 29. Kf1 Rfc8 30. Rab1 Qc7 31. Nd2 Qe7 32. Be2 Nxe2 33. Kxe2 Bxc4+ 34.
Nxc4 Rxc4 35. Rxd6 Rxe4+ 36. Kf1 Rd4 37. Rbb6 Rxd6 38. Rxd6 Ra6 39. Rd3 Qxa3 40.
Rxa3 Kf8 41. Ke2 Ke7 42. Ke3 a4 43. Ke4 Ke6 44. c4 f5+ 45. Kd3 Kd6 0-1

[Event "London Classic Open 2017"]
[Site "London ENG"]
[Date "2017.12.03"]
[Round "3.91"]
[White "Bates, Caspar J"]
[Black "Cole, James"]
[Result "1-0"]
[WhiteElo "2112"]
[BlackElo "1886"]
[WhiteFideId "414760"]
[BlackFideId "431818"]
[EventDate "2017.12.02"]

1. d4 Nf6 2. c4 c5 3. d5 b5 4. f3 e6 5. e4 bxc4 6. Bxc4 Bb7 7. Nc3 exd5 8. exd5
d6 9. Nge2 Be7 10. O-O O-O 11. Be3 Nbd7 12. a4 Nb6 13. b3 a5 14. Ra2 Ba6 15. Qd3
Bxc4 16. bxc4 Nbd7 17. Ng3 Re8 18. h3 Ne5 19. Qe2 Bf8 20. Re1 Qd7 21. f4 Ng6 22.
Qf2 Rab8 23. Nb5 Ne4 24. Nxe4 Rxe4 25. Rc2 Rbe8 26. Bd2 Rxe1+ 27. Bxe1 Nxf4 28.
Bxa5 Nd3 29. Qf1 Ne5 30. Bc3 Qe7 31. a5 Qh4 32. Bxe5 Rxe5 33. Re2 Rg5 34. Re3
Rg3 35. Qf2 Qxc4 36. Rxg3 Qxb5 37. Qa2 c4 38. a6 Qxd5 39. a7 Qa8 40. Re3 d5 41.
Re8 Qxe8 42. a8=Q Qe1+ 43. Kh2 Qe5+ 44. g3 c3 45. Q8xd5 1-0

[Event "London Classic Open 2017"]
[Site "London ENG"]
[Date "2017.12.03"]
[Round "3.92"]
[White "Sarvesh, Kumar A"]
[Black "Fink-Nunn, Petra"]
[Result "1/2-1/2"]
[BlackTitle "WFM"]
[WhiteElo "1877"]
[BlackElo "2071"]
[WhiteFideId "35019236"]
[BlackFideId "405809"]
[EventDate "2017.12.02"]

1. e4 c5 2. Nf3 d6 3. d4 cxd4 4. Nxd4 Nf6 5. Nc3 g6 6. Be3 Bg7 7. f3 O-O 8. Qd2
Nc6 9. g4 Be6 10. O-O-O Nxd4 11. Bxd4 Qa5 12. Kb1 Rfc8 13. Nd5 Qxd2 14. Nxf6+
Bxf6 15. Rxd2 Bxd4 16. Rxd4 Rc5 17. h4 Rac8 18. Rd2 Bc4 1/2-1/2

[Event "London Classic Open 2017"]
[Site "London ENG"]
[Date "2017.12.03"]
[Round "3.93"]
[White "Barton, R Alan"]
[Black "Rushbrooke, Remy"]
[Result "1/2-1/2"]
[WhiteElo "2052"]
[BlackElo "1864"]
[WhiteFideId "404233"]
[BlackFideId "443590"]
[EventDate "2017.12.02"]

1. Nf3 g6 2. c4 Bg7 3. Nc3 d6 4. d4 f5 5. g3 Nf6 6. Bg2 O-O 7. h4 c6 8. Bf4 Qe8
9. d5 Nh5 10. Qd2 Na6 11. Bh6 e5 12. dxe6 Qxe6 13. Bxg7 Kxg7 14. Qd4+ Qf6 15. e3
Qxd4 16. Nxd4 Nc5 17. Rd1 Nf6 18. b4 Nce4 19. Nce2 Ng4 20. O-O Ne5 21. Nf4 Rf6
22. Rc1 Nd2 23. Rfd1 Ndxc4 24. b5 c5 25. Nde2 Nb2 26. Rd2 Nbc4 27. Rdd1 Nb2 28.
Rd2 Nbc4 1/2-1/2

[Event "London Classic Open 2017"]
[Site "London ENG"]
[Date "2017.12.03"]
[Round "3.94"]
[White "Clancy, Martin J"]
[Black "Johansson, Toni"]
[Result "0-1"]
[WhiteElo "1855"]
[BlackElo "2049"]
[WhiteFideId "2403404"]
[BlackFideId "1703269"]
[EventDate "2017.12.02"]

1. e4 c5 2. d4 g6 3. c3 Bg7 4. Bc4 cxd4 5. Nf3 Qc7 6. Qb3 e6 7. Na3 a6 8. cxd4
Nc6 9. Be3 Nf6 10. e5 Ng4 11. Bf4 O-O 12. Rc1 f6 13. h3 fxe5 14. Bg3 Qa5+ 15.
Qc3 Qxc3+ 16. bxc3 e4 17. hxg4 exf3 18. gxf3 Rxf3 19. Ke2 Nxd4+ 20. cxd4 Rxa3
21. d5 b5 22. Bb3 Bb7 23. Rhd1 Rxb3 24. axb3 Bxd5 25. b4 Bc4+ 26. Rxc4 bxc4 27.
Rxd7 Rc8 28. Kd2 g5 29. Bd6 c3+ 30. Kc2 Bf6 31. Be7 Bxe7 32. Rxe7 Rc4 33. Rxe6
Rxb4 34. f3 Rc4 35. Re5 h6 36. Re6 Kg7 37. Rxa6 Rf4 38. Ra7+ Kf6 39. Ra6+ Ke5
40. Kxc3 Rxf3+ 41. Kd2 Kf4 42. Rxh6 Kxg4 43. Ke2 Kg3 44. Rh8 g4 45. Rh7 Kg2 46.
Rg7 g3 47. Rh7 Rf2+ 48. Ke1 Kg1 49. Rh3 g2 50. Rh7 Rf6 51. Rh8 Re6+ 52. Kd2 Re5
53. Rh7 Kf2 0-1

[Event "London Classic Open 2017"]
[Site "London ENG"]
[Date "2017.12.03"]
[Round "3.95"]
[White "Grigoryan, Meri"]
[Black "Ensmenger, Hugo"]
[Result "1-0"]
[WhiteTitle "WFM"]
[WhiteElo "2044"]
[BlackElo "1829"]
[WhiteFideId "13300571"]
[BlackFideId "1317407"]
[EventDate "2017.12.02"]

1. d4 f5 2. Nf3 Nf6 3. c4 e6 4. Nc3 d6 5. Bg5 Be7 6. Qc2 c6 7. g3 O-O 8. Bh3 h6
9. Bxf6 Rxf6 10. Bg2 g5 11. e4 d5 12. exd5 exd5 13. cxd5 cxd5 14. Qb3 Rd6 15.
O-O Nc6 16. Nb5 Na5 17. Qd1 Rb6 18. Nc3 Be6 19. Re1 Kg7 20. Re2 Bf6 21. Qe1 Bf7
22. Na4 Rd6 23. Ne5 Bg8 24. Nc5 b6 25. b4 Nc6 26. Nb7 Qc7 27. Nxd6 Qxd6 28. Nxc6
Qxc6 29. Rc1 Qb5 30. Rc7+ Kg6 31. g4 fxg4 32. Qb1+ Kh5 33. Bf1 Qa4 34. h3 Bxd4
35. hxg4+ Kh4 36. Qg6 1-0

[Event "London Classic Open 2017"]
[Site "London ENG"]
[Date "2017.12.03"]
[Round "3.96"]
[White "Tombolis, Christopher"]
[Black "Iyengar, Ilya"]
[Result "1-0"]
[WhiteElo "1799"]
[BlackElo "2044"]
[WhiteFideId "433691"]
[BlackFideId "405949"]
[EventDate "2017.12.02"]

1. d4 Nf6 2. c4 g6 3. Nc3 Bg7 4. e4 d6 5. Nf3 O-O 6. Be2 e5 7. O-O Nc6 8. d5 Ne7
9. Ne1 Nd7 10. Be3 f5 11. f3 f4 12. Bf2 g5 13. b4 Rf6 14. c5 Rh6 15. Rc1 Qe8 16.
g4 fxg3 17. Bxg3 a6 18. cxd6 cxd6 19. Qd2 Bf6 20. Ng2 Nf8 21. Ne3 Nfg6 22. Ncd1
Nf4 23. Nf2 Rg6 24. Nc4 Qd8 25. Ng4 h5 26. Nxf6+ Rxf6 27. Bxf4 gxf4 28. Kh1 Bd7
29. Rg1+ Kf7 30. Rg5 b5 31. Nxd6+ Rxd6 32. Rxe5 Ng6 33. Rxh5 Qf6 34. Rg1 Rh8 35.
Rxh8 Qxh8 36. Qc1 Qe5 37. Qc5 Nh4 38. Qa7 Ke7 39. Qb8 Rxd5 40. Qg8 Rd2 41. Rg7+
Kd6 42. Qb8+ Ke6 43. Re7+ Kxe7 44. Qxe5+ Be6 45. Qg5+ Kd7 46. Bxb5+ axb5 47.
Qxh4 Rd1+ 48. Kg2 Rd2+ 49. Kg1 Rd1+ 50. Kf2 Rd2+ 51. Ke1 Rxa2 52. Qxf4 Bc4 53.
Qf5+ Kc6 54. Qc5+ Kb7 55. h4 Re2+ 56. Kd1 1-0

[Event "London Classic Open 2017"]
[Site "London ENG"]
[Date "2017.12.03"]
[Round "3.98"]
[White "Wilks, Simon"]
[Black "Mc Aleenan, Charles"]
[Result "1/2-1/2"]
[WhiteElo "2022"]
[BlackElo "1762"]
[WhiteFideId "427357"]
[BlackFideId "2461617"]
[EventDate "2017.12.02"]

1. e4 d5 2. exd5 Qxd5 3. Nc3 Qd6 4. d4 Nf6 5. Nf3 c6 6. Ne5 Nbd7 7. f4 g6 8. a3
Nb6 9. Be2 h5 10. Be3 Be6 11. Qd2 Bg7 12. O-O-O O-O-O 13. h3 Nbd5 14. Nxd5 cxd5
15. Bd3 Nd7 16. Rhf1 Qb6 17. Nf3 Kb8 18. Ng5 Nc5 19. Nxe6 Nxe6 20. c3 Rc8 21.
Kb1 f5 22. Bg1 Nc7 23. Qe2 e6 24. Ka2 Rhe8 25. g4 hxg4 26. hxg4 Rh8 27. Bf2 Rh2
28. Rh1 Rch8 29. Rxh2 Rxh2 30. Qe3 Rh7 31. Qf3 a5 32. gxf5 gxf5 33. a4 Qc6 34.
Bc2 Qd7 35. Rh1 Bf6 36. Rh3 Ne8 37. Qh1 Rxh3 38. Qxh3 Nd6 39. b3 Ne4 40. Be1 Be7
41. Qh5 Bd6 42. Bxe4 fxe4 43. Qg5 b6 44. Kb2 Kc7 45. Bh4 Bf8 46. Bg3 Bd6 47. Qg6
Kb7 48. Qg8 Qe7 49. Kc2 Qf6 50. Qh7+ 1/2-1/2

[Event "London Classic Open 2017"]
[Site "London ENG"]
[Date "2017.12.03"]
[Round "3.99"]
[White "Chilton, James I"]
[Black "Myall, Ivan J"]
[Result "0-1"]
[WhiteElo "1772"]
[BlackElo "2001"]
[WhiteFideId "423009"]
[BlackFideId "425168"]
[EventDate "2017.12.02"]

1. e4 e5 2. Nf3 Nc6 3. Bb5 Bc5 4. O-O Nd4 5. Bc4 Qf6 6. Nxd4 Bxd4 7. Nc3 c6 8.
Ne2 Bb6 9. c3 d6 10. d4 Qg6 11. f4 Nf6 12. fxe5 dxe5 13. Ng3 O-O 14. Nf5 Bxf5
15. exf5 Qg4 16. Be2 Qe4 17. Bf3 Qxf5 18. Bxc6 Qc8 19. Ba4 exd4 20. cxd4 Qg4 21.
Qxg4 Nxg4 22. Rf4 Ne5 23. Bb5 g5 24. Re4 f5 25. Re2 f4 26. Re4 Rad8 27. Rb1 Rxd4
28. Rxd4 Bxd4+ 29. Kf1 a6 30. Be2 g4 31. Bd2 f3 32. gxf3 gxf3 33. Bd1 Ng4 34.
Bb3+ Kg7 35. Bc4 Nxh2+ 36. Ke1 f2+ 37. Ke2 f1=Q+ 0-1

[Event "London Classic Open 2017"]
[Site "London ENG"]
[Date "2017.12.03"]
[Round "3.100"]
[White "Sielicki, Tomasz"]
[Black "Tivillier, Jacques"]
[Result "1/2-1/2"]
[WhiteElo "2001"]
[BlackElo "1751"]
[WhiteFideId "1111400"]
[BlackFideId "417254"]
[EventDate "2017.12.02"]

1. d4 e6 2. Bf4 f5 3. e3 Nf6 4. Bd3 b6 5. c4 Bb7 6. f3 Nh5 7. Bg3 Nxg3 8. hxg3
Qg5 9. Kf2 g6 10. Nc3 Bg7 11. Nge2 Nc6 12. Qb3 O-O 13. Rh3 h6 14. c5 Kh7 15.
cxb6 axb6 16. Nb5 Rac8 17. Rah1 e5 18. f4 exf4 19. gxf4 Qe7 20. a3 Na5 21. Qd1
c5 22. dxc5 bxc5 23. Bb1 d5 24. Nbc3 Rcd8 25. Ba2 d4 26. exd4 cxd4 27. Nb5 Qe4
28. Rf3 Qe8 29. Nc7 Qe7 30. Ne6 Bxf3 31. Nxf8+ Qxf8 32. gxf3 d3 33. Nc3 Qc5+ 34.
Kg3 Nc4 35. b4 Qc8 36. Nb1 Ne3 37. Qd2 Nc4 38. Bxc4 Qxc4 39. Rd1 h5 40. Qc1 Qd4
41. b5 h4+ 42. Kg2 Re8 43. Re1 Re2+ 44. Rxe2 dxe2 45. Qe1 Qxf4 46. Qxe2 Qg3+ 47.
Kh1 Qh3+ 48. Qh2 Qxf3+ 49. Qg2 Qd1+ 50. Qg1 Qd5+ 51. Qg2 Qxb5 52. Nd2 Qa4 53.
Nf3 Bf6 54. Ng5+ Bxg5 55. Qxg5 Qxa3 56. Qxh4+ Kg8 57. Qf6 Qh3+ 58. Kg1 Qg3+ 59.
Kh1 Kh7 1/2-1/2

[Event "London Classic Open 2017"]
[Site "London ENG"]
[Date "2017.12.03"]
[Round "3.101"]
[White "Lee, Kyungseok"]
[Black "Fuglesang, Michael W."]
[Result "1-0"]
[WhiteElo "1975"]
[BlackElo "1739"]
[WhiteFideId "13202154"]
[BlackFideId "1525077"]
[EventDate "2017.12.02"]

1. d4 d5 2. c4 e6 3. Nc3 c5 4. cxd5 exd5 5. Nf3 Nc6 6. g3 Nf6 7. Bg2 Be7 8. dxc5
Bxc5 9. O-O O-O 10. Na4 Be7 11. Be3 Re8 12. Rc1 Bg4 13. Bc5 Bxc5 14. Nxc5 Qb6
15. b3 Rad8 16. a3 Ne5 17. Re1 Ne4 18. Nxe5 Rxe5 19. Qd4 Rde8 20. e3 Qf6 21. Nd3
h6 22. Nxe5 Qxf2+ 23. Kh1 Rxe5 24. Qxe5 Bh3 25. Bxh3 Qf3+ 26. Bg2 Nf2+ 27. Kg1 1-0

[Event "London Classic Open 2017"]
[Site "London ENG"]
[Date "2017.12.03"]
[Round "3.102"]
[White "Rice, Chris B"]
[Black "Mohnblatt, Daniel"]
[Result "1-0"]
[WhiteElo "1969"]
[BlackElo "1734"]
[WhiteFideId "404446"]
[BlackFideId "648582"]
[EventDate "2017.12.02"]

1. c4 e5 2. g3 Nc6 3. Nc3 Nf6 4. Bg2 Bc5 5. Nf3 O-O 6. O-O Re8 7. d3 d6 8. a3 a6
9. e3 Bg4 10. Qc2 Qd7 11. b4 Ba7 12. Bb2 Bh3 13. Rad1 Bxg2 14. Kxg2 Qf5 15. Nd5
Rac8 16. Nxf6+ Qxf6 17. d4 e4 18. Ng1 Qe7 19. h4 f5 20. Ne2 Nd8 21. Nf4 c6 22.
Qb3 Qf7 23. d5 Bb8 24. Rd2 Qe7 25. Nh5 Rf8 26. Nxg7 Rf7 27. Nh5 h6 28. Nf4 Rh7
29. Nh5 Rf7 30. Qc3 Qe5 31. Qxe5 dxe5 32. d6 f4 33. exf4 Rf5 34. g4 1-0

[Event "London Classic Open 2017"]
[Site "London ENG"]
[Date "2017.12.03"]
[Round "3.103"]
[White "Zhao, Haolin"]
[Black "Edwards, Simon R"]
[Result "0-1"]
[WhiteElo "1715"]
[BlackElo "1966"]
[WhiteFideId "428680"]
[BlackFideId "406821"]
[EventDate "2017.12.02"]

1. e4 c5 2. Nc3 Nc6 3. f4 g6 4. Nf3 Bg7 5. Bb5 Nd4 6. O-O e6 7. Nxd4 cxd4 8. Ne2
Qb6 9. Bd3 Ne7 10. Rb1 O-O 11. Kh1 d6 12. Qe1 Bd7 13. Rf3 Bb5 14. c4 Bd7 15. b3
d5 16. e5 dxc4 17. Bxc4 Bc6 18. Rh3 Nf5 19. Ng3 Nxg3+ 20. Qxg3 Be4 21. Bd3 Qc6
22. Bxe4 Qxe4 23. d3 Qe2 24. Bb2 Rfd8 25. Qf3 Qc2 26. Qf1 Qd2 27. Rf3 Qa5 28.
Ra1 Rac8 29. Rf2 Bf8 30. Qd1 Ba3 31. Kg1 Bxb2 32. Rxb2 Rc3 33. Kf1 Rdc8 34. Qd2
Qb5 35. Ke2 a5 36. Rab1 Qd5 37. Kd1 b5 38. Ke1 b4 39. Kd1 Qd8 40. Ke2 R8c5 41.
Ra1 Qc8 42. Kd1 Qc6 43. Rab1 Qd5 44. Ke1 Qd8 45. Ke2 Qh4 46. Rh1 Qg4+ 47. Kf2 g5
48. g3 Qf5 49. Ke2 g4 50. Ra1 h5 51. a3 bxa3 52. Rxa3 h4 53. Ra4 hxg3 54. hxg3
Qh7 55. Rc4 Qh2+ 56. Kd1 Qh1+ 57. Ke2 R5xc4 58. bxc4 Rc1 0-1

[Event "London Classic Open 2017"]
[Site "London ENG"]
[Date "2017.12.03"]
[Round "3.104"]
[White "Nelson, Omowale"]
[Black "Dias, Savin"]
[Result "1-0"]
[WhiteElo "1949"]
[BlackElo "1723"]
[WhiteFideId "7400209"]
[BlackFideId "442399"]
[EventDate "2017.12.02"]

1. d4 Nf6 2. c4 e6 3. g3 d5 4. Nf3 c6 5. Bg2 Bb4+ 6. Bd2 Be7 7. O-O Nbd7 8. Qc2
O-O 9. Rd1 Bd6 10. Bf4 Bxf4 11. gxf4 b6 12. cxd5 cxd5 13. Qc6 Ba6 14. Nc3 Qc8
15. Qa4 Qb7 16. Rac1 Rac8 17. Ne5 b5 18. Qb3 b4 19. Na4 Bxe2 20. Re1 Ba6 21. Nc5
Nxc5 22. dxc5 Rc7 23. c6 Qb5 24. Bf1 Qb6 25. Bxa6 Qxa6 26. Qxb4 Qb6 27. Qxb6
axb6 28. Re3 Rb8 29. Kg2 Kf8 30. Rb3 Ke7 31. a4 Rcc8 32. Rb5 d4 33. Rd1 Rc7 34.
Rxd4 Nd5 35. a5 Ra7 36. Rdxd5 exd5 37. axb6 Raa8 38. b7 f6 39. bxa8=Q Rxa8 40.
Rb7+ 1-0

[Event "London Classic Open 2017"]
[Site "London ENG"]
[Date "2017.12.03"]
[Round "3.105"]
[White "Voiculescu-Holvad, Stefan"]
[Black "Frank, Tena"]
[Result "0-1"]
[BlackTitle "WFM"]
[WhiteElo "1671"]
[BlackElo "1944"]
[WhiteFideId "20692005"]
[BlackFideId "4624297"]
[EventDate "2017.12.02"]

1. d4 d5 2. c4 c6 3. cxd5 cxd5 4. Nc3 Nf6 5. Bf4 Nc6 6. e3 Bf5 7. Qb3 Na5 8.
Qa4+ Bd7 9. Qd1 Qb6 10. Rb1 e6 11. Nf3 Bb4 12. Bd3 O-O 13. O-O Rac8 14. Ne5 Qd8
15. Ne2 Nc4 16. Bxc4 dxc4 17. Bg5 Be7 18. Rc1 b5 19. Ng3 h6 20. Bxf6 Bxf6 21.
Nxd7 Qxd7 22. Ne4 Be7 23. Nc5 Bxc5 24. dxc5 Qxd1 25. Rfxd1 Rxc5 26. Rd7 a5 27.
Kf1 b4 28. Ke2 Rfc8 29. a3 c3 30. bxc3 Rxc3 31. Rxc3 bxc3 32. Kd1 c2+ 33. Kc1
Rc3 34. Rd2 Rxa3 35. Rxc2 Kf8 36. Kd2 Ke7 37. h4 Kd6 38. Ke2 Ke5 39. Kf3 a4 40.
Rc7 Kf6 41. g4 Ra2 42. Ra7 a3 43. e4 Ra1 44. e5+ Kxe5 45. Rxf7 Rb1 46. Ra7 Rb3+
47. Kg2 g6 48. Ra4 Kd5 49. f3 Rb2+ 50. Kg3 a2 51. Ra5+ Kd4 52. Ra4+ Kc3 53. Ra8
Kb3 54. Kf4 Re2 55. g5 e5+ 56. Kg3 h5 57. Rb8+ Kc2 58. Ra8 Kb1 59. Rb8+ Rb2 60.
Ra8 a1=Q 61. Rxa1+ Kxa1 62. f4 Rb3+ 63. Kf2 exf4 0-1

[Event "London Classic Open 2017"]
[Site "London ENG"]
[Date "2017.12.03"]
[Round "3.106"]
[White "Haynes, Noah"]
[Black "Sellmair, Reinhard"]
[Result "0-1"]
[WhiteElo "1535"]
[BlackElo "1936"]
[WhiteFideId "1543172"]
[BlackFideId "12946990"]
[EventDate "2017.12.02"]

1. d4 d5 2. c4 e6 3. Nc3 c5 4. cxd5 exd5 5. dxc5 d4 6. Ne4 Bf5 7. Ng3 Bg6 8. Nf3
Bxc5 9. e4 Nc6 10. a3 a5 11. Bb5 Ne7 12. O-O O-O 13. b3 f6 14. Bb2 Qb6 15. a4
Rad8 16. Rc1 Ne5 17. Nd2 Bb4 18. Nc4 Nxc4 19. Bxc4+ Bf7 20. Bxf7+ Rxf7 21. Qd3
Nc6 22. f4 Bc3 23. Rb1 Nb4 24. Qc4 Kf8 25. Kh1 Rc7 26. Qe2 d3 27. Qh5 g6 28. Qd1
d2 29. Bxc3 Rxc3 30. Rb2 Rc1 0-1

[Event "London Classic Open 2017"]
[Site "London ENG"]
[Date "2017.12.03"]
[Round "3.107"]
[White "Perez Bolanos, David"]
[Black "Shepherd, Katherine M"]
[Result "0-1"]
[WhiteElo "1496"]
[BlackElo "1929"]
[WhiteFideId "24564400"]
[BlackFideId "412031"]
[EventDate "2017.12.02"]

1. d4 d5 2. c4 c6 3. Nc3 Nf6 4. Bf4 e6 5. c5 Nbd7 6. Nf3 Be7 7. h3 Nf8 8. e3 Ng6
9. Bh2 Nd7 10. b4 O-O 11. Bd3 Bf6 12. O-O Re8 13. Bxg6 hxg6 14. Ne5 Bxe5 15.
dxe5 b6 16. Qa4 Bb7 17. cxb6 axb6 18. Qb3 Ba6 19. Rfd1 Bc4 20. Qb2 c5 21. bxc5
bxc5 22. Rab1 Rb8 23. Qd2 Qa5 24. Bg3 Rb4 25. Qc2 Reb8 26. Rxb4 cxb4 27. Nb1
Qxa2 28. Qxa2 Bxa2 29. f4 Nc5 30. Be1 Ne4 31. Rd4 Bxb1 32. Rxb4 Rxb4 33. Bxb4 f6
34. exf6 gxf6 35. Ba3 Kf7 36. g4 g5 37. fxg5 Nxg5 38. Kg2 e5 39. Bb2 Ke6 40. Bc3
Ne4 41. Bb2 Bc2 42. h4 Bd1 43. g5 fxg5 44. hxg5 Nxg5 45. Kf2 Nf3 46. Kg3 Kf5 47.
Bc3 Ng5 48. Bb2 Ne4+ 49. Kg2 Nd2 50. Bc3 Nc4 51. Kf2 Ke4 52. Ba1 Nxe3 53. Bxe5
Ng4+ 0-1

[Event "London Classic Open 2017"]
[Site "London ENG"]
[Date "2017.12.03"]
[Round "3.108"]
[White "Everett, Joe"]
[Black "Lovell, William Pm"]
[Result "1/2-1/2"]
[WhiteElo "1922"]
[BlackElo "1688"]
[WhiteFideId "443204"]
[BlackFideId "431060"]
[EventDate "2017.12.02"]

1. d4 d5 2. c4 dxc4 3. Nf3 Nf6 4. e3 e6 5. Bxc4 a6 6. O-O b5 7. Bd3 Bb7 8. Qe2
c5 9. dxc5 Nc6 10. Rd1 Qc7 11. a3 Bxc5 12. b4 Be7 13. Bb2 O-O 14. Nbd2 Rac8 15.
Rac1 Qb8 16. Nb3 Rfd8 17. Nc5 Bxc5 18. Rxc5 Nd7 19. Rh5 h6 20. g4 Qc7 21. g5
hxg5 22. Rxg5 e5 23. h4 f6 24. Rg3 Ne7 25. e4 Nf8 26. h5 Ne6 27. h6 g6 28. Bc1
Kh7 29. Nh2 Ng8 1/2-1/2

[Event "London Classic Open 2017"]
[Site "London ENG"]
[Date "2017.12.03"]
[Round "3.109"]
[White "Munkhdemberel, Pagamdulam"]
[Black "Obiamiwe, Paul"]
[Result "0-1"]
[WhiteElo "1175"]
[BlackElo "1910"]
[WhiteFideId "4907043"]
[BlackFideId "8500215"]
[EventDate "2017.12.02"]

1. e4 e5 2. Nf3 Nc6 3. Bc4 Bc5 4. b4 Bxb4 5. c3 Be7 6. d4 Na5 7. Nxe5 Nxc4 8.
Nxc4 d5 9. exd5 Qxd5 10. Ne3 Qa5 11. Bd2 Nf6 12. f3 O-O 13. O-O Qh5 14. Qc2 c6
15. Bc1 Re8 16. Nd2 Bd6 17. h3 Rxe3 18. Ne4 Nxe4 19. Bxe3 Ng3 20. Rfe1 Bf5 21.
Qb2 b6 22. Qd2 Qg6 23. Bf4 Bf8 24. Kh2 Nh5 25. Be5 Be6 26. a4 Bd5 27. Qf2 f6 28.
Bg3 Rd8 29. Bc7 Rd7 30. Bg3 Nxg3 31. Qxg3 Bd6 32. f4 Bxf4 33. Re8+ Kf7 0-1

[Event "London Classic Open 2017"]
[Site "London ENG"]
[Date "2017.12.03"]
[Round "3.110"]
[White "Tobianski, Fabian"]
[Black "Volovich, Julia"]
[Result "1-0"]
[WhiteElo "1909"]
[BlackElo "1546"]
[WhiteFideId "12952001"]
[BlackFideId "447099"]
[EventDate "2017.12.02"]

1. c4 f5 2. g3 Nf6 3. Bg2 g6 4. Nc3 Bg7 5. d3 c6 6. e4 d6 7. Nge2 O-O 8. O-O
fxe4 9. dxe4 Be6 10. b3 Nbd7 11. Be3 Ne5 12. h3 Qd7 13. f4 Nf7 14. g4 Bxg4 15.
hxg4 Qxg4 16. Nd4 c5 17. Nf3 Nh5 18. Qd2 Ng3 19. Rfe1 Bxc3 20. Qxc3 Nxe4 21. Qd3
Nf6 22. Ng5 Nxg5 23. fxg5 Nd7 24. Qe4 Qxe4 25. Bxe4 Rab8 26. Bd5+ Kh8 27. Be6
Ne5 28. Kg2 Nf3 29. Rh1 Ne5 30. Rh3 Kg7 31. Bd2 b6 32. Bc3 Rf4 33. Re1 Rbf8 34.
Rhe3 Rf2+ 35. Kg1 Rxa2 36. Rxe5 dxe5 37. Bxe5+ Rf6 38. Rf1 Re2 39. gxf6+ Kf8 40.
Rd1 exf6 41. Bd6+ Kg7 42. Bd5 Re3 43. Rb1 a6 44. Bc7 b5 45. Bd6 bxc4 46. bxc4 h5
47. Rb7+ Kh8 48. Bxc5 Re1+ 49. Kf2 Re8 50. Rf7 Re5 51. Rxf6 Kh7 52. Bd4 Re8 53.
Rxa6 g5 54. Kf3 g4+ 55. Kf4 g3 56. Kg5 Re7 57. Rh6# 1-0

[Event "London Classic Open 2017"]
[Site "London ENG"]
[Date "2017.12.03"]
[Round "3.111"]
[White "Foster, Timothy"]
[Black "Levy, Christopher A"]
[Result "1-0"]
[WhiteElo "1893"]
[BlackElo "1526"]
[WhiteFideId "423769"]
[BlackFideId "431320"]
[EventDate "2017.12.02"]

1. Nf3 Nf6 2. c4 g6 3. Nc3 Bg7 4. g3 d6 5. Bg2 O-O 6. O-O e5 7. d3 Nc6 8. Rb1 a5
9. a3 h6 10. b4 axb4 11. axb4 Be6 12. b5 Ne7 13. Bb2 Qd7 14. Qc2 Bh3 15. Ra1
Bxg2 16. Kxg2 Rxa1 17. Rxa1 Nh5 18. Ra7 Rb8 19. Qa4 f5 20. Ra8 Qc8 21. Rxb8 Qxb8
22. Qb3 Kh7 23. c5 Qg8 24. Qxg8+ Kxg8 25. b6 dxc5 26. bxc7 e4 27. dxe4 fxe4 28.
Nd2 e3 29. Nc4 Nc8 30. Nxe3 Be5 31. Ned5 Kf7 32. f4 Bg7 33. e4 Bd4 34. Kf3 Ng7
35. Na4 Bxb2 36. Ndb6 Bd4 37. Nxc8 Ne8 38. e5 Ke6 39. Nab6 Nxc7 40. Nd6 Nd5 41.
Nbc4 b6 42. g4 Kd7 43. Nb5 Ba1 44. Ke4 Nc7 45. Nxb6+ Kc6 46. Nxc7 Kxc7 47. Nc4
Kd7 48. Kd5 Bd4 49. f5 gxf5 50. gxf5 Ke7 51. Nd2 Be3 52. Ne4 c4 53. f6+ Kf8 54.
e6 Bf4 55. e7+ Kf7 56. Nd6+ Bxd6 57. Kxd6 c3 58. Kd7 c2 59. e8=Q+ Kxf6 60. Qc8 1-0

[Event "London Classic Open 2017"]
[Site "London ENG"]
[Date "2017.12.03"]
[Round "3.112"]
[White "Chatterjee, Sagnik"]
[Black "Mulay, Partha"]
[Result "0-1"]
[WhiteElo "1336"]
[BlackElo "1892"]
[WhiteFideId "64300455"]
[BlackFideId "436038"]
[EventDate "2017.12.02"]

1. c4 Nf6 2. Nc3 g6 3. g3 Bg7 4. Bg2 O-O 5. d3 d6 6. Nf3 e5 7. O-O Nc6 8. a3 a5
9. Rb1 h6 10. b4 axb4 11. axb4 Be6 12. Qc2 Qd7 13. Rd1 Bh3 14. Bh1 Rae8 15. b5
Nd8 16. Nd2 h5 17. Ba3 b6 18. Nd5 Nxd5 19. Bxd5 Be6 20. Rdc1 f5 21. Nf3 Bh6 22.
Re1 Qf7 23. Qc3 Re7 24. Nxe5 Qf6 25. f4 g5 26. e3 Rg7 27. Rf1 Re8 28. Bb2 dxe5
29. Qxe5 Qxe5 30. Bxe5 Rf7 31. Bg2 g4 32. Rbc1 Bg7 33. d4 Rfe7 34. Rfd1 Nf7 35.
Bc6 Rd8 36. Kf2 Kh7 37. Rd2 Bxe5 38. fxe5 Nxe5 39. d5 Nxc6 40. bxc6 Bf7 41. Rcd1
Rd6 42. Rd4 Kg6 43. R4d2 Kf6 44. Rd4 Ke5 45. R4d2 Rd8 46. Rd4 Kd6 47. Ke2 Rde8
48. R4d3 Re4 49. Rc1 Ra8 50. Rdc3 Ra2+ 51. R3c2 Rxc4 52. Kd3 Rcxc2 53. Rxc2 Rxc2
54. Kxc2 Bxd5 0-1

[Event "London Classic Open 2017"]
[Site "London ENG"]
[Date "2017.12.03"]
[Round "3.113"]
[White "Kalaiyalahan, Akshaya"]
[Black "Lee, Kyung Chan"]
[Result "1-0"]
[WhiteTitle "FM"]
[WhiteElo "2067"]
[BlackElo "1552"]
[WhiteFideId "422894"]
[BlackFideId "13205048"]
[EventDate "2017.12.02"]

1. Nf3 Nf6 2. g3 g6 3. Bg2 Bg7 4. d4 d5 5. c4 dxc4 6. Qa4+ c6 7. Qxc4 O-O 8. O-O
Bf5 9. Bf4 Nbd7 10. Qc1 Re8 11. Nc3 Nb6 12. Re1 Be4 13. Nxe4 Nxe4 14. Qc2 f5 15.
Rad1 Nd5 16. Be5 Bxe5 17. Nxe5 Nef6 18. e4 fxe4 19. Bxe4 Nxe4 20. Qxe4 Kg7 21.
h4 Nf6 22. Qe2 Qd5 23. b3 Rad8 24. Rd3 Nd7 25. Nf3 Nf6 26. Re3 e6 27. Ng5 1-0